[Event "POL-ch Rapid U18"]
[Site "Bydgoszcz"]
[Date "2023.08.30"]
[Round "9"]
[White "Mrozowski, Nikodem"]
[Black "Ejsymont, Eryk"]
[Result "0-1"]
[WhiteElo "1415"]
[BlackElo "1618"]
[PlyCount "74"]
[EventDate "2023.08.28"]
[EventType "swiss"]
[EventRounds "11"]
[EventCountry "POL"]
[SourceTitle "EXT 2024"]
[Source "ChessBase"]
[SourceDate "2023.10.10"]
[SourceVersion "1"]
[SourceVersionDate "2023.10.10"]
[SourceQuality "1"]

1. e4 c5 2. Nf3 e6 3. d4 cxd4 4. Nxd4 Nf6 5. Nc3 Nc6 6. Ndb5 Bb4 7. a3 Bxc3+ 8. Nxc3 d5 9. exd5 exd5 10. Bg5 0-0 11. Be2 d4 12. Bxf6 Qxf6 13. Ne4 Qe5 14. Ng3 Bg4 15. 0-0 Bxe2 16. Qxe2 Qxe2 17. Nxe2 Rfe8 18. Nf4 Re4 19. Nd3 Re2 20. Rac1 Na5 21. Rfe1 Rxe1+ 22. Rxe1 Rc8 23. Re4 g6 24. b4 Nc4 25. a4 Nd2 26. Rxd4 Rc6 27. c4 Rxc4 28. Rd8+ Kg7 29. Rd5 Ne4 30. Rd4 Ng5 31. h4 Ne6 32. Rd7 Kf6 33. Nc5 Nd4 34. f4 Nc2 35. b5 Nd4 36. f5 h5 37. Kf2 a5 0-1

[Event "POL-ch Rapid U18"]
[Site "Bydgoszcz"]
[Date "2023.08.30"]
[Round "11"]
[White "Mrozowski, Nikodem"]
[Black "Korzeniowski, Wojciech"]
[Result "1-0"]
[WhiteElo "1415"]
[BlackElo "1268"]
[PlyCount "81"]
[EventDate "2023.08.28"]
[EventType "swiss"]
[EventRounds "11"]
[EventCountry "POL"]
[SourceTitle "EXT 2024"]
[Source "ChessBase"]
[SourceDate "2023.10.10"]
[SourceVersion "1"]
[SourceVersionDate "2023.10.10"]
[SourceQuality "1"]

1. e4 e6 2. d4 d5 3. e5 c5 4. c3 Nc6 5. Nf3 cxd4 6. cxd4 Bb4+ 7. Bd2 Bxd2+ 8. Qxd2 Nge7 9. Nc3 0-0 10. Bd3 h6 11. Nb5 Bd7 12. Nd6 Nc8 13. Nxb7 Qb6 14. Nc5 Qc7 15. Rc1 N8e7 16. 0-0 Rfd8 17. b4 Qb6 18. a3 a5 19. Na4 Qb7 20. Nc5 Qb6 21. Nxd7 Rxd7 22. b5 Na7 23. a4 Rc8 24. Rxc8+ Naxc8 25. Rc1 Rc7 26. Rc5 Rxc5 27. dxc5 Qxc5 28. Qxa5 Qc1+ 29. Qe1 Qc5 30. a5 Na7 31. Qe3 Qxe3 32. fxe3 Nec8 33. b6 Nc6 34. b7 N8a7 35. Nd4 Nb8 36. a6 Kf8 37. Nb5 Nxa6 38. Nxa7 Nb8 39. Bb5 Ke7 40. Nc6+ Nxc6 41. Bxc6 1-0

[Event "POL-ch Rapid U18"]
[Site "Bydgoszcz"]
[Date "2023.08.29"]
[Round "5"]
[White "Mrozowski, Nikodem"]
[Black "Babij, Piotr"]
[Result "1-0"]
[WhiteElo "1415"]
[BlackElo "1180"]
[PlyCount "97"]
[EventDate "2023.08.28"]
[EventType "swiss"]
[EventRounds "11"]
[EventCountry "POL"]
[SourceTitle "EXT 2024"]
[Source "ChessBase"]
[SourceDate "2023.10.10"]
[SourceVersion "1"]
[SourceVersionDate "2023.10.10"]
[SourceQuality "1"]

1. e4 e6 2. d4 d5 3. e5 c5 4. c3 Nc6 5. Nf3 Qb6 6. a3 a5 7. Bd3 Bd7 8. Bc2 Nge7 9. 0-0 Ng6 10. Re1 Be7 11. b3 0-0 12. Bb2 Rfc8 13. Nbd2 cxd4 14. cxd4 f6 15. exf6 Bxf6 16. Nf1 Re8 17. Ng3 Rac8 18. Nh5 Kf7 19. Ne5+ Bxe5 20. dxe5 Kg8 21. Qg4 Nce7 22. Bd4 Qc7 23. Rac1 Rf8 24. Bb2 Qb6 25. Bd4 Qc7 26. g3 Qd8 27. b4 axb4 28. axb4 Nf5 29. Bc5 Rf7 30. Bxf5 exf5 31. Qe2 Be6 32. Bd6 f4 33. Rxc8 Qxc8 34. Qd2 fxg3 35. Nxg3 Qd8 36. Ra1 Nf4 37. Kh1 Nh3 38. Rf1 Qb6 39. Bc5 Qc6 40. f3 d4 41. Qxd4 Bd5 42. Kg2 Bxf3+ 43. Rxf3 Qxf3+ 44. Kxh3 h6 45. Qg4 Qd5 46. e6 Rc7 47. e7 Qe5 48. Nf5 Qc3+ 49. Qg3 1-0

[Event "POL-ch U10"]
[Site "Sielpia"]
[Date "2023.03.07"]
[Round "5"]
[White "Bednarek, Jan"]
[Black "Mrozowski, Nikodem"]
[Result "1/2-1/2"]
[WhiteElo "1174"]
[BlackElo "1350"]
[PlyCount "68"]
[EventDate "2023.03.04"]
[EventType "swiss"]
[EventRounds "9"]
[EventCountry "POL"]
[SourceTitle "EXT 2024"]
[Source "ChessBase"]
[SourceDate "2023.10.10"]
[SourceVersion "1"]
[SourceVersionDate "2023.10.10"]
[SourceQuality "1"]
[WhiteTeam "Poland"]
[BlackTeam "Poland"]
[WhiteTeamCountry "POL"]
[BlackTeamCountry "POL"]

1. e4 c5 2. Nf3 d6 3. d4 cxd4 4. Nxd4 Nf6 5. Nc3 Nc6 6. Bc4 Qb6 7. Nb3 e6 8. Be3 Qc7 9. Be2 a6 10. a4 Be7 11. 0-0 b6 12. f4 0-0 13. Qe1 Bb7 14. Qf2 Nd7 15. Rad1 Nc5 16. Nxc5 dxc5 17. Kh1 Nb4 18. Bf3 Rfd8 19. e5 Rxd1 20. Rxd1 Rd8 21. Rxd8+ Bxd8 22. Qd2 Bxf3 23. gxf3 h6 24. Ne4 Be7 25. c3 Nd5 26. c4 Nb4 27. b3 Kf8 28. Kg2 Ke8 29. Kf2 Nc6 30. Qd3 Nb4 31. Qd2 Qd7 32. Qxd7+ Kxd7 33. a5 bxa5 34. Ke2 Kc6 1/2-1/2

[Event "POL-ch U10"]
[Site "Sielpia"]
[Date "2023.03.06"]
[Round "4"]
[White "Mrozowski, Nikodem"]
[Black "Bury, Marcel"]
[Result "1/2-1/2"]
[WhiteElo "1350"]
[BlackElo "1292"]
[PlyCount "81"]
[EventDate "2023.03.04"]
[EventType "swiss"]
[EventRounds "9"]
[EventCountry "POL"]
[SourceTitle "EXT 2024"]
[Source "ChessBase"]
[SourceDate "2023.10.10"]
[SourceVersion "1"]
[SourceVersionDate "2023.10.10"]
[SourceQuality "1"]
[WhiteTeam "Poland"]
[BlackTeam "Poland"]
[WhiteTeamCountry "POL"]
[BlackTeamCountry "POL"]

1. e4 c5 2. Nf3 e6 3. d4 cxd4 4. Nxd4 Nf6 5. Nc3 Nc6 6. Ndb5 Bb4 7. a3 Bxc3+ 8. Nxc3 d5 9. exd5 exd5 10. Bd3 0-0 11. 0-0 d4 12. Ne4 Bf5 13. Bg5 Bxe4 14. Bxe4 h6 15. Bxc6 bxc6 16. Bh4 Qd6 17. c3 Rad8 18. cxd4 Qxd4 19. Qxd4 Rxd4 20. Bxf6 gxf6 21. Rac1 Rd6 22. Rfd1 Rfd8 23. Rxd6 Rxd6 24. Kf1 Re6 25. Rd1 Kf8 26. Rd8+ Re8 27. Rxe8+ Kxe8 28. Ke2 Ke7 29. Kd3 Kd6 30. Kd4 f5 31. f4 c5+ 32. Kc4 Kc6 33. a4 a6 34. h3 h5 35. b3 h4 36. b4 cxb4 37. Kxb4 Kb6 38. Kc4 Ka5 39. Kb3 Kb6 40. Kc4 Kc6 41. Kb4 1/2-1/2

[Event "POL-ch U10"]
[Site "Jastrzebia Gora"]
[Date "2022.03.15"]
[Round "8"]
[White "Szachniewicz, Aleksander"]
[Black "Mrozowski, Nikodem"]
[Result "0-1"]
[WhiteElo "1130"]
[BlackElo "1282"]
[PlyCount "116"]
[EventDate "2022.03.08"]
[EventType "swiss"]
[EventRounds "9"]
[EventCountry "POL"]
[SourceTitle "EXT 2023"]
[Source "ChessBase"]
[SourceDate "2022.10.05"]
[SourceVersion "1"]
[SourceVersionDate "2022.10.05"]
[SourceQuality "1"]

1. e4 c6 2. Nf3 d5 3. Nc3 dxe4 4. Nxe4 Nf6 5. Qe2 Nxe4 6. Qxe4 Nd7 7. g3 Nf6 8. Qe2 Bg4 9. Bg2 e6 10. c3 Bd6 11. 0-0 0-0 12. Qc4 Rc8 13. d4 c5 14. Bg5 h6 15. Bxf6 Qxf6 16. Qd3 Rfd8 17. Rac1 a6 18. Qe3 b5 19. a3 cxd4 20. cxd4 Rc7 21. Rxc7 Bxc7 22. Rc1 Bb6 23. h3 Bxf3 24. Qxf3 Qxf3 25. Bxf3 Bxd4 26. Rd1 e5 27. Kg2 Rc8 28. Rd2 Rc1 29. Be4 Ra1 30. Bb7 a5 31. Rc2 Ra2 32. Be4 g6 33. Bd5 Rxb2 34. Rc8+ Kg7 35. Rc7 Rxf2+ 36. Kh1 Bb2 37. Kg1 Rf6 38. Rb7 Bxa3 39. Rxb5 Bb4 40. Ba2 Rf5 41. g4 Rf3 42. Rxe5 Rg3+ 43. Kf2 Rxh3 44. Kg2 Rh2+ 45. Kxh2 Bd6 46. Kg2 Bxe5 47. Kf3 h5 48. gxh5 gxh5 49. Ke4 f6 50. Kf5 Kf8 51. Bd5 a4 52. Kg6 h4 53. Kh5 h3 54. Kg4 h2 55. Kh3 a3 56. Kg2 f5 57. Be6 Ke7 58. Ba2 Bg3 0-1